000 00642nam a22002297a 4500
001 35809
003 BD-RjUL
005 20211209052401.0
008 140612b xxu||||| |||| 00| 0 eng d
035 _a(BD-RjUL)35904
040 _aBD-RjUL
_beng
_cBD-RjUL
_dBD-RjUL
041 _aeng
082 _a320
_bVAM 1982
100 1 _aVarma, S P
_9109071
245 _aModern political theory /
_cVarma, S P
250 _a2nd. rev. ed.
260 _aDelhi :
_bVikas Publishing House PVT Ltd.,
_c1975 [ Reprinted 1982].
300 _axvi, 426 p. ;
_c22 cm.
504 _aIncludes index.
650 _aPolitical science
_9109072
942 _2ddc
_cBK
999 _c35809
_d35809